000 00884nas a2200265 4500
001 BR2012001237
003 BR-BrBNA
005 20231205120229.0
007 ta
008 230509b bl.|||p| |||| 00| 00por d
040 _aBR-BrBNA
_bpor
_cBiblioteca Nacional de Agricultura
041 _a(Pt)
072 _aK10
100 1 _aChiamoleira, L. de B.
100 1 _aÂngelo, A.C.
100 1 _aBoeger, M.R.
245 1 _aCrescimento e sobrevivência de quatro espécies florestais nativas plantadas em áreas com diferentes estágios de sucessão no reservatório Iraí-PR
650 _aESPÉCIE NATIVA
650 _aINVENTÁRIO FLORESTAL
650 _aSILVICULTURA
650 _aREGENERAÇÃO NATURAL
773 0 _tFloresta (Brazil)
_xISSN 0015-3826
_g(Oct-Dec 2011), v. 41(4) p. 765-778
_wBR2012001237
909 _a202311
_bLúcia
_c55
_dLúcia Elande
942 _2AGRIS
_n0
_cANA
999 _c217533
_d217533